লোডিং...

Socio economic conditions of women workers in khadi and village industries In Kerala

গ্রন্থ-পঞ্জীর বিবরন
প্রধান লেখক: Divya, M
বিন্যাস: Electronic Thesis
ভাষা:English
অনলাইন ব্যবহার করুন:http://hdl.handle.net/10603/11727
LEADER 00474nam a2200145Ia 4500
001 10422
008 190202t ii ||||fom||| 00| 0 eng d
100 |a Divya, M 
245 |a Socio economic conditions of women workers in khadi and village industries In Kerala 
502 |a Thesis (Ph. D.) -- Department of Economics, University of Calicut, 2008. 
546 |a English 
796 |a Lakshmi Devi, K R 
856 |u http://hdl.handle.net/10603/11727 
952 |a ON  |c ETD  |y ETD 
999 |c etd10422